El V Programa Marc de recerca i desenvolupament tecnològic de la Unió Europea : nous instruments financers d'interès per a les corporacions locals nous instruments financers d'interès per a les corporacions locals
Descripción Física:
23 p. ; 21 cm
MARC
| LEADER | 00000nam a2200000Ia 4500 | ||
|---|---|---|---|
| 001 | 21721 | ||
| 008 | 160829s1999 xx 000 0 cat d | ||
| 080 | |a FU-43-47 | ||
| 245 | |a El V Programa Marc de recerca i desenvolupament tecnològic de la Unió Europea : |b nous instruments financers d'interès per a les corporacions locals | ||
| 260 | |a Barcelona : |b Diputació de Barcelona. Gabinet d'Integració Europea i Solidaritat, |c 1999 | ||
| 300 | |a 23 p. ; |c 21 cm | ||
| 650 | 0 | |a Innovacions tecnològiques |z Unió Europea |9 21984 | |
| 710 | 1 | |a Barcelona (Catalunya : Província). |b Gabinet d'Integració Europea i Solidaritat |9 55940 | |
| 901 | |a Arxiu | ||
| 942 | |n 1 | ||
| 952 | |0 0 |1 0 |4 0 |6 FU4347 |7 1 |9 52811 |a Arxiu |b Arxiu |d 2016-12-01 |l 0 |o FU-43-47 |p 21721 |r 2016-12-01 00:00:00 |w 2016-12-01 |y ARXIU | ||
| 999 | |c 56660 |d 56660 | ||